000 00718nam a2200205Ia 4500
003 GCL
008 140319s9999 xx 000 0 ara d
040 _aGCL /
_cGCL
082 0 4 _a821
_bم ر
100 1 _aمحمد البرعى
245 1 0 _aرياح من الغرب ترجمة شعرية لبعض اعمال للشاعرين شيلى وكيس /
_cمحمد البرعى
260 _a[S.N] :
_bالهيئة المصرية العامة للكتاب ،
_c1991
300 _a206 ص
490 _a
650 0 4 _aالادب الانجليزى
650 0 4 _aالشعر الانجليزى المترجم
650 0 4 _aالادب الانجليزى المترجم
650 0 4 _aالمجموعات
942 _2ddc
_cBK
999 _c29464
_d29464